000 00689cam a22002292a 4500
001 34136
003 BD-RJUL
005 20211209052118.0
008 140514t1963 ii ab b 000 0 eng u
035 _a(BD-RjUL)34230
040 _aOUN
_dSYB
_dEQO
_dBD-RjUL
_beng
_cBD-RjUL
041 _aeng
082 0 4 _a301.35
_bGHA 1963
100 1 _aGhurye, G. S.
_q(Govind Sadashiv),
_d1893-1983
_995867
245 1 0 _aAnatomy of a rururban community /
_cG.S. Ghurye
260 _aBombay :
_bPopular Prakashan,
_c1963.
300 _avi, 232 p., [8] p. :
_bill. ;
_c22 cm.
504 _aincludes Bibliographiy
651 0 _aIndia
_xRural conditions
_9103768
942 _2ddc
_cBK
999 _c34136
_d34136